A carregar...

Routledge companion to popular music education

Detalhes bibliográficos
Outros Autores: Smith, Gareth Dylan Ed, Moir, Zack Ed, Brennan, Matt Ed, Rambarran, Shara Ed, Kirkman, Phil
Formato: Printed Book
Publicado em: London Routledge 2017
Assuntos:
LEADER 00602nam a2200193 4500
999 |c 58914  |d 58914 
020 |a 9781472464989 
082 |a 781.64071  |b ROU 
245 |a Routledge companion to popular music education 
260 |a London  |b Routledge  |c 2017 
300 |a 490p 
650 |a popular music 
700 |a Smith, Gareth Dylan Ed., 
700 |a Moir, Zack Ed., 
700 |a Brennan, Matt Ed., 
700 |a Rambarran, Shara Ed., 
700 |a Kirkman, Phil 
942 |c BK 
952 |0 0  |1 0  |4 0  |6 781_640710000000000_ROU  |7 0  |9 66018  |a KUCL  |c Stack  |d 2020-07-10  |l 0  |o 781.64071 ROU  |p 50487  |r 2020-07-10  |w 2020-07-10  |y BK